000 00255nam a2200097Ia 4500
001 719720
005 20250826163048.0
008 250824s9999 xx 000 0 und d
245 0 _aSONUNDA ÖLÜM GELDİ
_cAGATHA CHRISTIE
260 _bALTIN KİTAPLAR YAYINLARI
999 _c719720
_d719720